Loading...
| Religion | 0 | 7 | 1 | 0 | 65 | 31 | 73.14 | 2 | 5 |
| History - European History | 0 | 5 | 1 | 2 | 45 | 30 | 78.60 | 0 | 2 |
| History - World History | 0 | 3 | 0 | 0 | 30 | 16 | 39.33 | 1 | 3 |
| Mythology | 0 | 4 | 2 | 0 | 30 | 24 | 45.50 | 2 | 4 |
| Fine Arts - Other Fine Arts | 0 | 3 | 1 | 0 | 25 | 69 | 81.33 | 0 | 1 |
| History - Other History | 0 | 3 | 1 | 1 | 25 | 37 | 55.33 | 0 | 2 |
| Literature - American Literature | 0 | 2 | 0 | 0 | 20 | 60 | 78.00 | 0 | 1 |
| Fine Arts - Classical Music | 0 | 2 | 0 | 0 | 20 | 37 | 44.50 | 1 | 2 |
| Social Science | 0 | 1 | 0 | 0 | 10 | 78 | 78.00 | 0 | 1 |
| History - American History | 0 | 1 | 0 | 0 | 10 | 54 | 54.00 | 0 | 1 |
| Literature - British Literature | 0 | 1 | 0 | 1 | 10 | 100 | 100.00 | 0 | 0 |
| Painting/Sculpture | 0 | 1 | 0 | 0 | 10 | 72 | 72.00 | 1 | 1 |
| Science - Other Science | 0 | 1 | 0 | 1 | 10 | 80 | 80.00 | 0 | 0 |
| Literature - European Literature | 0 | 1 | 1 | 0 | 5 | 68 | 68.00 | 1 | 1 |
| Geography | 0 | 1 | 2 | 0 | 0 | 51 | 51.00 | 1 | 1 |
| Science - Physics | 0 | 0 | 1 | 0 | -5 | 0.00 | 0 | 0 | |
| Pop Culture | 0 | 0 | 1 | 0 | -5 | 0.00 | 0 | 0 |